书目信息 |
| 题名: |
航空摄影测量
|
|
| 作者: | 陈永明 主编 | |
| 分册: | ||
| 出版信息: | 北京 中国建筑工业出版社 2003.07 |
|
| 页数: | 127页 | |
| 开本: | 20cm | |
| 丛书名: | ||
| 单 册: | ||
| 中图分类: | P23-43 | |
| 科图分类: | ||
| 主题词: | 摄影测量法 | |
| 电子资源: | ||
| ISBN: | 978-7-112-05422-0 | |
| 000 | 00565nam0 2200193 45 | |
| 001 | 2039497112 | |
| 005 | 20201102105931.10 | |
| 010 | @a978-7-112-05422-0@dRMB 11.00 | |
| 100 | @a20201102d2003 km y0chiy0120 ea | |
| 101 | 0 | @achi |
| 102 | @aCN@b110000 | |
| 200 | 1 | @a航空摄影测量@Ahang kong she ying ce liang@f陈永明主编@Fchen yong ming zhu bian |
| 210 | @a北京@c中国建筑工业出版社@d2003.07 | |
| 215 | @a127页@d20cm | |
| 606 | 0 | @a摄影测量法 |
| 690 | @aP23-43@v4 | |
| 701 | 0 | @a陈永明@Achen yong ming@4主编 |
| 801 | 0 | @aCN@bPFT@c20201102 |
| 905 | @a10447@dP23-43@eC624 | |
| 航空摄影测量/陈永明主编.-北京:中国建筑工业出版社,2003.07 |
| 127页;20cm |
| ISBN 978-7-112-05422-0:RMB 11.00 |
| ● |
| 相关链接 |
|
|
|
正题名:航空摄影测量
索取号:P23-43/C624
 
预约/预借
| 序号 | 登录号 | 条形码 | 馆藏地/架位号 | 状态 | 备注 |
| 1 | 1500853 | 215008532 | 自科库401/401自科库 123排2列3层/ [索取号:P23-43/C624] | 在馆 |